飲膳札記
| 資料類型: | 圖書 | 書目號: | 37670 |
Leader xxxxxxxxxx 001 __ PCLIS00037670 005 __ 20230410162720.0 010 0_ |a957-674-192-0|b平裝|dNT$180 100 __ |a20070414e20051999m y0chiy09 e 101 0_ |achi 102 __ |atw 105 __ |ay z 000cy 200 1_ |a飲膳札記|f林文月著 205 __ |a初版十二印 210 __ |a臺北市|c洪範書店|d1999[民88]|h2005[民94] 215 0_ |a2, 164面|d21公分 225 2_ |a洪範文學叢書|v285 306 __ |a2005年12印 320 __ |a附錄: 生活其實可以如此美好 410 _0 |12001 |a洪範文學叢書|v285 681 __ |a855|b8766 681 __ |a855|b4407 700 _1 |a林|b文月|1933- |4著 801 _0 |atw|b內湖高中|c20070414|gCCR 801 _2 |atw|b內湖高中|c20211115|gCCR |